| 000 | 00632nam a2200193Ia 4500 | ||
|---|---|---|---|
| 005 | 20250507130208.0 | ||
| 008 | 008 250505s9999 xx 000 0 eng d | ||
| 037 | _aSeries Article | ||
| 040 |
_aEASL _beng _cEASL |
||
| 041 |
_aeng _2eng |
||
| 084 | _qEASL | ||
| 100 |
_aPaz Gonzalo Sebastian _9668748 |
||
| 245 | 0 | _aChina,United States and hegemonic challenge in latin America:an overview and some lessons from previous instances of hegemonic challenge in the region | |
| 260 |
_aUK _bUK Cambridge Univesity Press UK _c2012 |
||
| 300 | _a18-34 | ||
| 650 | _aChina | ||
| 942 | _cSRA | ||
| 999 |
_c1318254 _d1318254 |
||